MAGTF explosive ordnance disposal.

Bibliographic Details
Corporate Author: United States. Marine Corps
Format: Government Document Book
Language:English
Published: [Washington, D.C.] : U.S. Marine Corps, [1997]
Series:Fleet Marine Force manual ; 13-8.
Subjects:

MARC

Tag First Indicator Second Indicator Subfields
LEADER 00000cam a2200000 a 4500
001 in00001402748
005 20151020052147.0
008 970814s1997 dcua bf f000 0 eng d
010 |a gp 97067079  
035 |a (OCoLC)37467142 
035 |9 AHM2862AM 
037 |a PCN 139 718000 00  |b MC 
040 |a DGPO  |c DGPO  |d DLC  |d MvI  |d UtOrBLW 
043 |a n-us--- 
074 |a 0384 
086 0 |a D 214.9/4:13-8 
245 0 0 |a MAGTF explosive ordnance disposal. 
264 1 |a [Washington, D.C.] :  |b U.S. Marine Corps,  |c [1997] 
300 |a 1 volume (various pagings) :  |b illustrations ;  |c 19 cm. 
336 |a text  |b txt  |2 rdacontent 
337 |a unmediated  |b n  |2 rdamedia 
338 |a volume  |b nc  |2 rdacarrier 
490 1 |a FMFM ;  |v 13-8 
500 |a Cover title. 
500 |a Shipping list number: 97-0310-P. 
504 |a Includes bibliographical references ([B-1] - B-6). 
650 0 |a Ordnance disposal units  |z United States  |x Planning  |x Handbooks, manuals, etc. 
650 0 |a Explosives, Military  |x Handbooks, manuals, etc. 
710 1 |a United States.  |b Marine Corps. 
830 0 |a Fleet Marine Force manual ;  |v 13-8. 
999 |a MARS 
999 f f |s a02a07a8-4e50-3a90-a863-dc525d566c76  |i 67fa70a6-9fe2-3f96-bfcd-8e66aa7d9588  |t 0 
952 f f |p normal  |a Texas A&M University  |b College Station  |c Sterling C. Evans Library  |d Evans: US Documents (Annex 5th floor)  |t 0  |e D 214.9/4:13-8  |h Superintendent of Documents classification  |i unmediated -- volume  |m A14822822310 
998 f f |a D 214.9/4:13-8  |t 0  |l Evans: US Documents (Annex 5th floor)